Normal view
MARC view
Entry Personal Name
001 - CONTROL NUMBER
- control field: 96
003 - CONTROL NUMBER IDENTIFIER
- control field: ARRUPE
005 - DATE AND TIME OF LATEST TRANSACTION
- control field: 20130912135019.0
008 - FIXED-LENGTH DATA ELEMENTS
- fixed length control field: 130912|| aca||aabn | a|a d
040 ## - CATALOGING SOURCE
- Original cataloging agency: ARRUPE
- Transcribing agency: ARRUPE
100 ## - HEADING--PERSONAL NAME
- Personal name: Reichardt, Mary R.
670 ## - SOURCE DATA FOUND
- Source citation: Work cat.: (ARRUPE)0: Reichardt, Mary R., Exploring Catholic literature :, c2003.